000
00297nam a2200097Ia 4500
001
641634
005
20250826153511.0
008
250824s9999 xx 000 0 und d
245
0
_a
ŞİRİN KENDİMİ DURDURAMIYORUM 1 GİZEMLİ KÜPENİN PEŞİNMDEYİZ
_c
BİRSEN EKİM ÖZEN
260
_b
TİMAŞ ÇOCUK
999
_c
641634
_d
641634